Información sobre la prohibición de cruces en rincones públicos, realizado en el pueblo de Tepeaca

Detalles Bibliográficos
Otros Autores: Bonilla
Formato: Libro
Publicado: Tepeaca, 1690
Materias:
Colección:Banco de datos
Acervo:Biblioteca Palafoxiana. Colección de Manuscritos
Descripción Física:1 f. ; 21 x 31 cm.
Tema general:Eclesiástica
LEADER 00433nam a22001450004500
035 |a 2864 
245 1 0 |a Información sobre la prohibición de cruces en rincones públicos, realizado en el pueblo de Tepeaca 
260 |a Tepeaca, 1690 
300 |a 1 f. ; 21 x 31 cm. 
650 1 0 |a Eclesiástica 
700 1 |a Bonilla 
949 |a R469/003 
942 |c PALAMANU 
943 |g Biblioteca Palafoxiana. Colección de Manuscritos 
999 |c 1070809  |d 1070809